| 000 | 00502nam a2200169 i 4500 | ||
|---|---|---|---|
| 001 | 109676 | ||
| 003 | ES-MaACL | ||
| 005 | 20230906184903.0 | ||
| 007 | t| | ||
| 008 | 061121s1963 sp af r ||||1| spa d | ||
| 100 | 1 |
_aOmar Khayyam. _9156993 |
|
| 245 | 1 | 0 |
_aRobaiyat / _cOmar Kheyyam ; traducción e introducción de Enrique López Amaya. |
| 260 |
_a[Barcelona] : _bZeus, _c[1963] |
||
| 300 |
_a204 p., 46 lám. ; _c19 cm. |
||
| 700 | 1 |
_aLópez Amaya , Enrique. _973399 |
|
| 852 |
_aES-MaACL _jC-24572 |
||
| 999 |
_c109676 _d109676 |
||